01382 2200313 4500001002100000005001500021035002000036007000300056008004100059020002200100082001300122084001900135100002900154245006000183250003200243300002700275650002800302650001000330650001000340700002800350520054000378600001800918264004000936336002100976337003000997338002301027990000901050990000901059INLIS00000000000298220260331124913 a0010-0326000020ta260331 g f ind  a978-623-95089-2-0 a899.2213 a899.2213 AUL c0 aAulia NabilahePengarang1 aCouple Goals /cAulia Nabilah ; penyunting, Tim Redaksi aCetakan pertama, Maret 2021 a276 halaman ;c20,5 cm 4aSastra Indonesia modern 4aFiksi 4anovel0 aTim RedaksiePenyunting aNovel Couple Goals mengisahkan perjalanan sepasang remaja yang berusaha mewujudkan gambaran ideal tentang hubungan romantis. Cerita menyoroti dinamika cinta, persahabatan, serta tantangan yang muncul ketika ekspektasi “pasangan sempurna” berbenturan dengan kenyataan hidup. Aulia Nabilah menulis dengan gaya narasi yang ringan, dekat dengan kehidupan remaja, dan penuh emosi. Kisah ini tidak hanya menyajikan hiburan, tetapi juga menyampaikan pesan tentang kejujuran, komunikasi, dan pentingnya memahami makna hubungan yang sehat. 4aAulia Nabilah aDepok :bSnowball Publishing,c2021 2rdacontentateks 2rdamediaatanpa perantara 2rdacarrieravolume a7559 a7560